Načítá se...

Himalayam : kazcha, darshanam

Podrobná bibliografie
Hlavní autor: Prasannakumar K B
Médium: Printed Book
Vydáno: Kottayam D C Books 2011
Témata:
LEADER 00629nam a22001931a 4500
020 |a 8126415630  |c 0.00 
040 |a SSUS - Library - Kalady 
082 |a M080 32  |b PRA/H 
100 |a Prasannakumar K B 
245 |a Himalayam : kazcha, darshanam  |h [Text] 
260 |a Kottayam  |b D C Books   |c 2011 
300 |a 179p. 
600 |a Literature 
600 |a Travelogue Malayalam 
600 |a Travel Himalaya 
852 |h M080 32  |i PRA/H  |p 068894  |9 125.00  |t 0 
942 |c BK 
999 |c 17415  |d 17415 
952 |0 0  |1 0  |4 0  |6 M_080_320000000000000_PRA_H  |7 0  |9 24514  |a SSUS  |b SSUS  |d 2015-01-08  |g 125.00  |o M080 32 PRA/H  |p 068894  |r 2015-11-28  |v 0.00  |w 2015-01-08  |y BK